000
00274nam a22001217a 4500
008
170713b xxu||||| |||| 00| 0 eng d
041
_a
eng
080
_a
16
100
_a
24
101
_a
FIL
245
_a
ANN ARCHEOLOGY OF HUMAN SCIENCES
_c
FOUCAULT.M
942
_2
udc
_c
BK
999
_c
20587
_d
20587